000 01719cam a22004814i 4500
001 u24234
003 PE-LiUPU
005 20250731172857.0
008 150623s1999 ag r 000 0 spa d
020 _a9505737521
035 _a(Sirsi) i9789505737529
040 _aPE-LiUPU
_bspa
_cPE-LiUPU
_erda
049 _aPRUA
082 0 4 _a809.93
_bR74
_221
245 0 0 _aRelatos inolvidables /
_cCompilado por Christopher Blake.
264 1 _aBuenos Aires :
_bAsociación Casa Editora Sudamericana,
_c1999.
300 _a220 páginas ;
_c20 cm.
336 _atext
_2rdacontent
337 _aunmediated
_2rdamedia
338 _avolume
_2rdacarrier
505 0 _aFamilia -- Parábolas -- Compartiendo -- Amistad -- Descubrimientos -- Navidad -- Fe.
526 _aSEG42
526 _aSEG41
526 _aSEG40
526 _aSEG39
526 _aP94
526 _aP87
526 _aP86
526 _aP85
526 _aP77
526 _aP76
526 _aP35
596 _a1
650 0 4 _aLiteratura religiosa.
700 1 _aBlake, Christopher,
_ecompilador.
942 _2ddc
_cBOOK
994 _aC0
_bPEPRU
949 _a241.1 B57 1999
_wDEWEY
_c1
_iFT01413
_lCCODEBUT1
_mBUT
_p10.00
_r0
_sY
_tBOOK
_u2015-11-17
_xBIBLIOTECA
_zUNKNOWN
_0DONACION
_o.STAFF. Colección General
949 _a809.93 R74
_wDEWEY
_c1
_i48519
_f2018-2-7
_g2
_lCCODEBUL1
_mBUL
_r0
_sY
_tBOOK
_u2015-6-24
_xTEOLOGIA
_PP35
_0COMPRA
_o.STAFF. Colección General
999 _a241.1 B61
_wDEWEY
_c12929
_i74951
_f2021-11-10
_g6
_lCCODEBUL1
_mBUL
_p7.00
_r0
_sY
_tBOOK
_u2016-10-7
_xTEOLOGIA
_PP35
_0DONACION
_o.STAFF. Colección Teología
_d12929
980 _81
_gALBERTO SANCHEZ Responsable de Automatización